| 000 | 00618nam a2200205 a 4500 | ||
|---|---|---|---|
| 005 | 20210223122537.0 | ||
| 008 | 991125s1977 new 000 0 eng u | ||
| 020 | _a0385004214 | ||
| 035 | _aUPN01000037625 | ||
| 049 | _aCG | ||
| 050 | 4 |
_aND237 B4 _bY4.5 |
|
| 100 | 1 | _aYeo, Wilma | |
| 245 | 1 | 0 |
_aMaverick with a paintbrush : _bThomas Hart Benton / _cby Wilma Yeo and Helen K. Cook. |
| 260 |
_aNew York : _bDoubleday, _c1977. |
||
| 300 |
_a125 p. : _bil. |
||
| 600 | 1 | 4 |
_aBENTON, THOMAS HART, _d1889-1975 _93868 |
| 650 | 4 |
_aPINTORES ESTADOUNIDENSES - _vBIOGRAFIA |
|
| 700 | 1 |
_aCook, Helen K., _ecoaut. |
|
| 905 | _aLibro | ||
| 999 |
_c37625 _d37625 |
||